Toplumsal barış ve demokrasi için Türkiye Büyük Millet Meclisi iç tüzüğünde ve bazı kanunlarda değişiklik yapılması hakkında kanun teklifi (Record no. 2096)

MARC details
000 -BAŞLIK
Sabit Uzunlukta Kontrol Alanı 01201na a2200301 4500
001 - KONTROL NUMARASI
Denetim Alanı 14805
003 - KONTROL NUMARASI IDENTIFIER
Denetim Alanı MIRAKIL
005 - SON İŞLEM TARİHİ VE ZAMANI
Denetim Alanı 20181213154845.0
008 - SABİT-BOY VERİ ELEMANLARI - GENEL BİLGİLER
Sabit Uzunlukta Kontrol Alanı 161107b tu 000 0
035 ## - SİSTEM KONTROL NUMARASI
Sistem Kontrol Numarası 14805
040 ## - KATALOGLAMA KAYNAK
Orijinal Kataloglama Ajansı Milas
Kataloglama Dili tur
Metne Dönüştürmek Ajansı TR-AnCHP
041 ## - DİL KODU
Metin / Ses Parça Veya Ayrı Başlığın Dil Kodu tur
082 ## - DEWEY ONLU SINIFLANDIRMA NUMARASI
Sınıflandırma Numarası CHP 328.37
Ürün Numarası C36t 2014
090 ## - SINIFLAMA NUMARASI
Sınıflama Numarası CHP 328.37 C36t 2014
110 ## - ANA GİRİŞ - KURUMSAL ADI
Giriş Elemanı Olarak Kurumsal Ad Veya Yargı Alanı Adı Cumhuriyet Halk Partisi (CHP)
Alt Birim İnsan Hakları Genel Başkan Yardımcılığı
245 ## - BAŞLIK TABLOSU
Başlık Toplumsal barış ve demokrasi için Türkiye Büyük Millet Meclisi iç tüzüğünde ve bazı kanunlarda değişiklik yapılması hakkında kanun teklifi
Sorumluluk Tablosu, Vb CHP İnsan Hakları Genel Başkan Yardımcılığı
246 ## - UNVAN FORM VARYING
Başlık Doğru / Kısa Başlığı Toplumsal barış ve demokrasi için kanun teklifi
260 ## - YAYIN, DAĞITIM, VB
Yayın, Dağıtım, Vb Yeri Ankara
Yayıncı, Dağıtıcı, Vs Adı CHP İnsan Hakları Genel Başkan Yardımcılığı
Yayın, Dağıtım, Vb Tarihi 2014
300 ## - FİZİKSEL TANIM
Kapsam 33 s.
Boyutlar 30 sm.
490 ## - SERİSİ TABLOSU
Seri Beyanı Cumhuriyet Halk Partisi yayınları
500 ## - GENEL NOT
Genel Not CHP: Türkiye'nin birleştirici gücü
610 ## - KONU KATMA GİRİŞ - TOPLANTI ADI
Giriş Elemanı Olarak Kurumsal Ad Veya Yargı Alanı Adı CHP
Genel Alt Bölüm Demokrasi
Kronolojik Alt Bölüm Yasa tasarıları
610 ## - KONU KATMA GİRİŞ - TOPLANTI ADI
Giriş Elemanı Olarak Kurumsal Ad Veya Yargı Alanı Adı CHP
Genel Alt Bölüm Barış
Kronolojik Alt Bölüm Yasa tasarıları
610 ## - KONU KATMA GİRİŞ - TOPLANTI ADI
Giriş Elemanı Olarak Kurumsal Ad Veya Yargı Alanı Adı CHP
Genel Alt Bölüm TBMM İçtüzük
Kronolojik Alt Bölüm Yasa tasarıları
740 ## - KATMA GİRİŞ - KONTROLSUZ İLGİLİ / ANALİTİK BAŞLIK
Kontrol Edilmeyen / İlgili Analitik Başlıktaki CHP: Türkiye'nin birleştirici gücü
830 ## - SERİSİ EKLENDİ GİRİŞ - ÜNİFORM ADI
Üniforma Başlık CHP yayınları
942 ## - EKLENDİ GİRİŞ ELEMANLARI (KOHA)
Sınıflandırma Veya Raf Düzeni Kaynak
Koha Öğesi Türü Books
999 ## - SİSTEM KONTROL NUMARALARI (KOHA)
Koha Biblionumber 2096
Koha Biblioitemnumber 2096
Holdings
Kalıcı Konum Mevcut Konum Edinme Tarihi Edinim Kaynak Toplam Check-Out'Lar Tam Çağrı Numarası Barkod Tarih Son Görülme İtibaren Geçerli Fiyatlar Koha Öğesi Türü Kopya Sayısı
CHP Kütüphanesi CHP Kütüphanesi 09/01/2016 Bağış   CHP 328.37 C36t 2014 003151 09/01/2016 09/01/2016 Books  
CHP Kütüphanesi CHP Kütüphanesi 11/07/2016 Bağış   CHP 328.37 C36t 2014 009200 11/07/2016 11/07/2016 Books k.2
CHP Kütüphanesi CHP Kütüphanesi 11/07/2016 Bağış   CHP 328.37 C36t 2014 009201 11/07/2016 11/07/2016 Books k.3
CHP Kütüphanesi CHP Kütüphanesi 11/10/2016 Bağış   CHP 328.37 C36t 2014 009330 11/10/2016 11/10/2016 Books k.4
CHP Kütüphanesi CHP Kütüphanesi 11/10/2016 Bağış   CHP 328.37 C36t 2014 009338 11/10/2016 11/10/2016 Books k.5